000 00721na a2200241 4500
001 19845
003 MIRAKIL
005 20181213154803.0
008 161227b tu 000 0
020 _a9755121765
040 _aMilas
_btur
_cTR-AnCHP
041 _atur
082 _a623.8809561
_bA76 1993
090 _a623.8809561 A76 1993
111 _aAsrın Dönemecinde Denizciliğimiz
_cAnkara
_d1993
245 _a"Asrın dönemecinde denizciliğimiz"
_bSempozyum-panel 23 Aralık Ankara
_cDeniz Ticaret Odası
260 _aİstanbul
_bDTO
_c1994
300 _a136 s.
_btbl.
_c25 sm.
490 _aDeniz Ticaret Odası Yayın No
_v34
650 _aDenizcilik
_xTarih
_zTürkiye
710 _aDTO
942 _2ddc
_cBKS
999 _c856
_d856